MyGZULibrary

Zimbabwe's land reform : (Record no. 3506)

MARC details
000 -LEADER
fixed length control field 01938cam a22004094a 4500
001 - CONTROL NUMBER
control field 16582029
003 - CONTROL NUMBER IDENTIFIER
control field GZU
005 - DATE AND TIME OF LATEST TRANSACTION
control field 20201202082040.0
008 - FIXED-LENGTH DATA ELEMENTS--GENERAL INFORMATION
fixed length control field 101216s2010 enkab b 001 0 eng
010 ## - LIBRARY OF CONGRESS CONTROL NUMBER
LC control number 2010283408
015 ## - NATIONAL BIBLIOGRAPHY NUMBER
National bibliography number GBB087235
Source bnb
016 7# - NATIONAL BIBLIOGRAPHIC AGENCY CONTROL NUMBER
Record control number 015606794
Source Uk
020 ## - INTERNATIONAL STANDARD BOOK NUMBER
International Standard Book Number 9781847010247 (pbk.)
020 ## - INTERNATIONAL STANDARD BOOK NUMBER
International Standard Book Number 1847010245 (pbk.)
020 ## - INTERNATIONAL STANDARD BOOK NUMBER
International Standard Book Number 9781779221100 (Weaver Press)
020 ## - INTERNATIONAL STANDARD BOOK NUMBER
International Standard Book Number 177922110X (Weaver Press)
020 ## - INTERNATIONAL STANDARD BOOK NUMBER
International Standard Book Number 9781770099852 (Jacana)
020 ## - INTERNATIONAL STANDARD BOOK NUMBER
International Standard Book Number 1770099859 (Jacana)
035 ## - SYSTEM CONTROL NUMBER
System control number (OCoLC)ocn641506608
040 ## - CATALOGING SOURCE
Original cataloging agency UKM
Transcribing agency UKM
Modifying agency BTCTA
-- YDXCP
-- C#P
-- DOS
-- DLC
042 ## - AUTHENTICATION CODE
Authentication code lccopycat
043 ## - GEOGRAPHIC AREA CODE
Geographic area code f-rh---
050 00 - LIBRARY OF CONGRESS CALL NUMBER
Classification number HD1333.
Item number ZIM 2010
082 04 - DEWEY DECIMAL CLASSIFICATION NUMBER
Classification number 333.316891090511
Edition number 22
245 00 - TITLE STATEMENT
Title Zimbabwe's land reform :
Remainder of title myths & realities /
Statement of responsibility, etc. Ian Scoones ... [et al.].
260 ## - PUBLICATION, DISTRIBUTION, ETC.
Place of publication, distribution, etc. Woodbridge ;
-- Rochester, NY :
Name of publisher, distributor, etc. James Currey/Boydell & Brewer ;
Place of publication, distribution, etc. Harare, Zimbabwe :
Name of publisher, distributor, etc. Weaver Press ;
Place of publication, distribution, etc. Auckland Park, South Africa :
Name of publisher, distributor, etc. Jacana Media,
Date of publication, distribution, etc. 2010.
300 ## - PHYSICAL DESCRIPTION
Extent xv, 288 p. :
Other physical details ill., map ;
Dimensions 22 cm.
490 1# - SERIES STATEMENT
Series statement African issues
504 ## - BIBLIOGRAPHY, ETC. NOTE
Bibliography, etc. note Includes bibliographical references (p. 257-278) and index.
505 0# - FORMATTED CONTENTS NOTE
Formatted contents note Livelihoods & land reform in Zimbabwe -- Land reform in Masvingo Province -- New land, new people, new livelihoods - Investing in the land -- The new farmers : agricultural & livestock production -- Labour : the new farm workers -- Real markets : the challenging political economy of agricultural commodities -- Livelihoods beyond the farm : off-farm income & migration -- Territory, authority & social dynamics -- Livelihood pathways & economic linkages : emerging impacts of land reform -- Lessons from Zimbabwe's land reform.
650 #0 - SUBJECT ADDED ENTRY--TOPICAL TERM
Topical term or geographic name entry element Land reform
Geographic subdivision Zimbabwe
General subdivision History
Chronological subdivision 21st century.
700 1# - ADDED ENTRY--PERSONAL NAME
Personal name Scoones, Ian.
830 #0 - SERIES ADDED ENTRY--UNIFORM TITLE
Uniform title African issues.
906 ## - LOCAL DATA ELEMENT F, LDF (RLIN)
a 7
b cbc
c copycat
d 2
e ncip
f 20
g y-gencatlg
942 ## - ADDED ENTRY ELEMENTS (KOHA)
Source of classification or shelving scheme Library of Congress Classification
Koha item type Books
Classification part 1331
Item part ZIM
Call number prefix HD
Holdings
Withdrawn status Lost status Damaged status Not for loan Collection code Home library Current library Shelving location Date acquired Total Checkouts Full call number Barcode Date last seen Copy number Price effective from Koha item type Source of classification or shelving scheme Inventory number Total Renewals Date last checked out
        Non-fiction City Campus Library City Campus Library General Stacks 12/02/2020   HD1331ZIM2010 000740 12/02/2020 c. 1 12/02/2020 Books        
        Non-fiction City Campus Library City Campus Library General Stacks 12/02/2020   HD 1333 ZIM 2010 G21985 12/02/2020 c.2 12/02/2020 Books        
        Non-fiction City Campus Library City Campus Library General Stacks 12/02/2020   HD1331ZIM2010 G20981 12/02/2020 C.3 12/02/2020 Books        
        Non-fiction Mashava Campus Library Mashava Campus Library General Stacks 05/03/2021   333.316891090511 014221 05/03/2021 c.4 05/03/2021 Books Library of Congress Classification 12188    
        Non-fiction Mashava Campus Library Mashava Campus Library General Stacks 05/04/2021 2 HD133 ZIM 2010 014225 03/27/2023 c.5 05/04/2021 Books Library of Congress Classification   1 03/14/2023